Peter Carl Faberge (Record no. 5684)

MARC details
000 -CABECERA
campo de control de longitud fija 00976nam a2200253 a 4500
001 - NÚMERO DE CONTROL
campo de control BRCA_5995
005 - FECHA Y HORA DE LA ÚLTIMA TRANSACCIÓN
campo de control 20190320205307.0
008 - DATOS DE LONGITUD FIJA--INFORMACIÓN GENERAL
campo de control de longitud fija 290311s1949----enka######---#000-0#eng-#
041 ## - CÓDIGO DE LENGUA
Código de lengua del texto/banda sonora o título independiente eng
044 ## - CÓDIGO DEL PAÍS DE LA ENTIDAD EDITORA/PRODUCTORA
Código MARC del país enk
050 #4 - SIGNATURA TOPOGRÁFICA DE LA BIBLIOTECA DEL CONGRESO
Número de clasificación NK7156
Número de documento/Ítem .B35 1949
100 1# - ENTRADA PRINCIPAL--NOMBRE DE PERSONA
Nombre de persona Bainbridge, Henry Charles
9 (RLIN) 15140
245 10 - MENCIÓN DE TÍTULO
Título Peter Carl Faberge
Resto del título goldsmith and jeweller to the Russiam imperial court and the principal crowned heads of Europe : an illustrated record and review of his life and work, A.D. 1846-1920
Mención de responsabilidad, etc. Henry Charles Bainbridge ; foreword by Sachevenell Sitwell.
260 ## - PUBLICACIÓN, DISTRIBUCIÓN, ETC.
Lugar de publicación, distribución, etc. Londres
Nombre del editor, distribuidor, etc. B. T. Batsford
Fecha de publicación, distribución, etc. 1949
300 ## - DESCRIPCIÓN FÍSICA
Extensión xxiv, 169 p.
Otras características físicas il. (algunas a color), 125 láminas
Dimensiones 30 cm.
500 ## - NOTA GENERAL
Nota general Incluye índice alfabético y lista de ilustraciones
500 ## - NOTA GENERAL
Nota general G105
600 14 - PUNTO DE ACCESO ADICIONAL DE MATERIA--NOMBRE DE PERSONA
Nombre de persona Faberge, Peter Carl
Fechas asociadas al nombre 1846-1920
9 (RLIN) 15141
650 14 - PUNTO DE ACCESO ADICIONAL DE MATERIA--TÉRMINO DE MATERIA
Término de materia o nombre geográfico como elemento de entrada Orfebrería
Subdivisión geográfica Rusia
9 (RLIN) 15142
650 14 - PUNTO DE ACCESO ADICIONAL DE MATERIA--TÉRMINO DE MATERIA
Término de materia o nombre geográfico como elemento de entrada Joyería
Subdivisión geográfica Rusia
9 (RLIN) 15143
700 1# - PUNTO DE ACCESO ADICIONAL--NOMBRE DE PERSONA
Nombre de persona Sitwell, Sachevenell
9 (RLIN) 15144
902 ## - CATALOGADOR
Iniciales GFM
942 ## - ELEMENTOS DE PUNTO DE ACCESO ADICIONAL (KOHA)
Fuente del sistema de clasificación o colocación Library of Congress Classification
Tipo de ítem Koha Libros
Holdings
Estado de retiro Estado de pérdida Estado dañado No para préstamo Localización permanente Ubicación/localización actual Fecha de adquisición Número de inventario Total de préstamos Signatura topográfica completa Código de barras Fecha visto por última vez Precio válido a partir de Tipo de ítem Koha
El ejemplar forma parte de la colección y puede ser consultado según las políticas vigentes.       Biblioteca del Museo Franz Mayer (Rogerio Casas-Alatriste) Biblioteca del Museo Franz Mayer (Rogerio Casas-Alatriste) 29/03/2011 G105   NK7156 .B35 1949 (G105) 6434 22/03/2019 22/03/2019 Libros